[Event "GER-ch (Women) op"]
[Site "Augsburg"]
[Date "2024.03.09"]
[Round "6"]
[White "Trunz, Tamila"]
[Black "Bauer, Laura Sophie"]
[Result "1-0"]
[WhiteElo "1891"]
[BlackElo "1902"]
[PlyCount "137"]
[EventDate "2024.03.06"]
[EventType "swiss"]
[EventRounds "9"]
[EventCountry "GER"]
[SourceTitle "CB12_2024"]
[SourceDate "2023.10.01"]
[SourceVersion "1"]
[SourceVersionDate "2023.10.01"]
[SourceQuality "1"]

1. e4 c5 2. Nf3 Nc6 3. Bb5 g6 4. Bxc6 dxc6 5. d3 Bg7 6. 0-0 Nf6 7. Re1 0-0 8. Nc3 Ne8 9. Be3 b6 10. h3 Nc7 11. Qc1 Be6 12. Bh6 Qd7 13. Bxg7 Kxg7 14. Ng5 f6 15. Nxe6+ Nxe6 16. Ne2 Nd4 17. Qd2 Rad8 18. Rad1 e5 19. Rf1 f5 20. exf5 Nxe2+ 21. Qxe2 Qxf5 22. a4 Rd4 23. a5 b5 24. Rfe1 Re8 25. f3 a6 26. b3 Qf4 27. Qf2 Red8 28. Qe3 Qxe3+ 29. Rxe3 Kf6 30. Rde1 R4d5 31. f4 exf4 32. Re6+ Kf5 33. Rxc6 R8d6 34. Rc7 Rd7 35. Re7 Rxe7 36. Rxe7 h5 37. Ra7 Rd6 38. Rc7 Kg5 39. Rxc5+ Kh4 40. Kf2 g5 41. Rf5 b4 42. Ke2 Rg6 43. d4 Kg3 44. Kf1 h4 45. d5 g4 46. hxg4 Kxg4 47. Re5 Rd6 48. Kf2 Rd7 49. Ke2 Rc7 50. d6 Rxc2+ 51. Kd1 Rc8 52. Rd5 Rd8 53. Ke2 Rd7 54. Kf2 f3 55. Rd4+ Kg5 56. Kxf3 Kf5 57. Rd2 Ke5 58. Kg4 Rxd6 59. Rxd6 Kxd6 60. Kxh4 Ke5 61. g4 Kf6 62. g5+ Kg6 63. Kg4 Kf7 64. Kf5 Kg7 65. Ke6 Kg6 66. Kd6 Kxg5 67. Kc6 Kf6 68. Kb6 Ke5 69. Kxa6 1-0

[Event "GER-chT U20 Girls"]
[Site "Magdeburg"]
[Date "2023.12.29"]
[Round "5.3"]
[White "Bauer, Laura Sophie"]
[Black "Falke, Ornella"]
[Result "0-1"]
[WhiteElo "1878"]
[BlackElo "1969"]
[PlyCount "100"]
[EventDate "2023.12.26"]
[EventType "team-swiss"]
[EventRounds "7"]
[EventCountry "GER"]
[SourceTitle "CB03_2024"]
[SourceDate "2024.01.17"]
[SourceVersion "1"]
[SourceVersionDate "2024.01.17"]
[SourceQuality "1"]
[WhiteTeam "Kelheim"]
[BlackTeam "Elmshorn"]
[WhiteTeamCountry "GER"]
[BlackTeamCountry "GER"]

1. e4 c5 2. Nf3 Nc6 3. d4 cxd4 4. Nxd4 Nf6 5. Nc3 e5 6. Ndb5 d6 7. Bg5 a6 8. Na3 b5 9. Nd5 Be7 10. Bxf6 Bxf6 11. c3 Bg5 12. Nc2 Rb8 13. a3 0-0 14. Ncb4 Bb7 15. h4 Bh6 16. g4 f6 17. Qd3 Ne7 18. Rd1 Nxd5 19. Nxd5 Rc8 20. Bh3 Rc5 21. Bg2 Bxd5 22. exd5 Qd7 23. Be4 Qxg4 24. Bxh7+ Kh8 25. Qf5 Qc4 26. Qe4 Qxe4+ 27. Bxe4 f5 28. Bb1 Rc4 29. Rd3 Rf6 30. h5 Bf4 31. f3 Kg8 32. Ba2 Rc8 33. Ke2 Kf7 34. Rdd1 Rh6 35. Rh3 Kf6 36. Bb1 Rch8 37. Rdh1 g6 38. Bd3 gxh5 39. Kf2 h4 40. Bb1 Bg3+ 41. Ke2 Kg5 42. Rf1 Rc8 43. Rd1 Rh7 44. Bc2 a5 45. Bd3 Rb7 46. Ke3 Rc5 47. Bb1 b4 48. axb4 axb4 49. cxb4 Rxb4 50. Rd2 Bf4+ 0-1

[Event "Nuremberg Zabo op 23rd"]
[Site "Nuremberg"]
[Date "2023.09.16"]
[Round "3"]
[White "Bauer, Laura Sophie"]
[Black "Sippl, Martin"]
[Result "0-1"]
[WhiteElo "1662"]
[BlackElo "2040"]
[PlyCount "50"]
[EventDate "2023.09.15"]
[EventType "swiss"]
[EventRounds "5"]
[EventCountry "GER"]
[SourceTitle "EXT 2024"]
[Source "ChessBase"]
[SourceDate "2023.10.10"]
[SourceVersion "1"]
[SourceVersionDate "2023.10.10"]
[SourceQuality "1"]

1. e4 e5 2. Nf3 Nc6 3. Bb5 Qe7 4. c3 Nd8 5. 0-0 c6 6. Ba4 Nf6 7. d4 d6 8. h3 Qc7 9. Re1 Be7 10. Nbd2 0-0 11. Bb3 Re8 12. Nf1 Bf8 13. dxe5 dxe5 14. Bg5 Nd7 15. Bxd8 Qxd8 16. Bxf7+ Kxf7 17. Qb3+ Kg6 18. Re3 Bc5 19. Ng5 Kxg5 20. Qf7 Kh6 21. g4 g6 22. Rg3 Bxf2+ 23. Qxf2 Rf8 24. Qe3+ Kg7 25. Rd1 Qb6 0-1

[Event "GER-ch U14 Girls"]
[Site "Willingen"]
[Date "2023.05.28"]
[Round "2"]
[White "Bauer, Laura Sophie"]
[Black "Haug, Mara"]
[Result "0-1"]
[WhiteElo "1627"]
[BlackElo "1754"]
[PlyCount "98"]
[EventDate "2023.05.27"]
[EventType "swiss"]
[EventRounds "9"]
[EventCountry "GER"]
[SourceTitle "CBM 214 Extra"]
[Source "ChessBase"]
[SourceDate "2023.07.31"]
[SourceVersion "1"]
[SourceVersionDate "2023.07.31"]
[SourceQuality "1"]

1. e4 c5 2. Nf3 Nc6 3. d4 cxd4 4. Nxd4 g6 5. c4 Bg7 6. Be3 Nf6 7. Nc3 0-0 8. Be2 d6 9. f3 Bd7 10. Qd2 Nxd4 11. Bxd4 a5 12. 0-0 Bc6 13. Nd5 Nd7 14. Bxg7 Kxg7 15. Kh1 Bxd5 16. cxd5 Qb6 17. b3 Rfc8 18. Rac1 Qb4 19. Qe3 a4 20. bxa4 Qxa4 21. Rb1 Nc5 22. Rb2 Qa7 23. Qc3+ Kg8 24. Qb4 Na4 25. Rb3 Rc2 26. Bd1 Rf2 27. Qb5 Qc5 28. Rxf2 Qxf2 29. Qe2 Qxe2 30. Bxe2 Nc5 31. Rb2 Kg7 32. g3 Kf6 33. Kg2 Ke5 34. Rd2 g5 35. h3 Ra3 36. Kf2 h5 37. Kg2 h4 38. Bc4 hxg3 39. Bb3 Kf4 40. Rb2 Nd3 41. Rb1 Ne5 42. Rd1 Ra5 43. Rc1 Rc5 44. Rxc5 dxc5 45. Bd1 c4 46. a3 c3 47. a4 Nc4 48. Kf1 Ne3+ 49. Ke2 Nxd1 0-1

[Event "GER-chT U12 Girls"]
[Site "Berlin"]
[Date "2022.12.29"]
[Round "6.6"]
[White "Bauer, Laura Sophie"]
[Black "Halas, Neele Zoe"]
[Result "0-1"]
[WhiteElo "1388"]
[BlackElo "1413"]
[PlyCount "99"]
[EventDate "2022.12.26"]
[EventType "team-swiss"]
[EventRounds "7"]
[EventCountry "GER"]
[SourceTitle "EXT 2024"]
[Source "ChessBase"]
[SourceDate "2023.10.10"]
[SourceVersion "1"]
[SourceVersionDate "2023.10.10"]
[SourceQuality "1"]
[WhiteTeam "Roding"]
[BlackTeam "Leipzig SG"]
[WhiteTeamCountry "GER"]
[BlackTeamCountry "GER"]

1. e4 e6 2. d4 d5 3. Nd2 c5 4. exd5 Qxd5 5. Ngf3 cxd4 6. Bc4 Qd7 7. Nb3 Nc6 8. 0-0 Be7 9. Nbxd4 Nxd4 10. Nxd4 a6 11. c3 Nf6 12. Re1 0-0 13. Bf4 Bc5 14. Nb3 Qxd1 15. Raxd1 Ba7 16. Nd4 b5 17. Bb3 Bb7 18. h3 Nd5 19. Bg3 Rac8 20. a3 Rfd8 21. Bh4 Re8 22. Nf5 exf5 23. Rxe8+ Rxe8 24. Bxd5 Bxd5 25. Rxd5 g6 26. Bf6 Bb6 27. Rd6 Re6 28. Rxe6 fxe6 29. Kf1 Kf7 30. Be5 Ke7 31. Ke2 g5 32. f3 h6 33. g3 Kf7 34. g4 Kg6 35. f4 gxf4 36. Bxf4 fxg4 37. hxg4 h5 38. gxh5+ Kxh5 39. Kd3 Kg6 40. Be5 Kf5 41. Bd4 Bc7 42. b3 e5 43. Be3 e4+ 44. Ke2 Bd6 45. b4 Be5 46. Bd4 Bf4 47. Be3 Bxe3 48. Kxe3 Ke5 49. Kd2 Kd5 50. Ke3 0-1

[Event "Wch U12 Girls"]
[Site "Batumi"]
[Date "2022.09.27"]
[Round "11"]
[White "Zhumagali, Raian"]
[Black "Bauer, Laura Sophie"]
[Result "1-0"]
[WhiteElo "1278"]
[BlackElo "1506"]
[PlyCount "55"]
[EventDate "2022.09.16"]
[EventType "swiss"]
[EventRounds "11"]
[EventCountry "GEO"]
[SourceTitle "EXT 2023"]
[Source "ChessBase"]
[SourceDate "2022.10.05"]
[SourceVersion "1"]
[SourceVersionDate "2022.10.05"]
[SourceQuality "1"]

1. e4 e5 2. f4 exf4 3. Bc4 Nc6 4. Nf3 d6 5. d4 Be7 6. Bxf4 Nf6 7. Nc3 0-0 8. 0-0 Nxe4 9. Nxe4 d5 10. Bxc7 Qxc7 11. Bxd5 Bg4 12. Nf2 Bf5 13. c3 Rad8 14. Be4 Bxe4 15. Nxe4 b5 16. Qc2 h6 17. Rad1 b4 18. Kh1 Qb6 19. d5 Na5 20. c4 Nb7 21. Ne5 Bd6 22. Nc6 Rd7 23. Nxd6 Rxd6 24. Rd3 Nc5 25. Rg3 Qb7 26. Qe2 a6 27. Qe5 Rg6 28. Ne7+ 1-0

[Event "Wch U12 Girls"]
[Site "Batumi"]
[Date "2022.09.21"]
[Round "6"]
[White "Alakbarli, Inji"]
[Black "Bauer, Laura Sophie"]
[Result "0-1"]
[WhiteElo "1147"]
[BlackElo "1506"]
[PlyCount "56"]
[EventDate "2022.09.16"]
[EventType "swiss"]
[EventRounds "11"]
[EventCountry "GEO"]
[SourceTitle "EXT 2023"]
[Source "ChessBase"]
[SourceDate "2022.10.05"]
[SourceVersion "1"]
[SourceVersionDate "2022.10.05"]
[SourceQuality "1"]

1. e4 e5 2. Nf3 Nc6 3. Bc4 Bc5 4. c3 Nf6 5. d4 exd4 6. cxd4 Bb4+ 7. Nc3 Nxe4 8. 0-0 Bxc3 9. bxc3 d5 10. Qd3 0-0 11. Bb3 Bf5 12. Re1 Qd7 13. Nh4 Be6 14. Be3 Qd8 15. Nf3 Qf6 16. Bc2 Bf5 17. Ng5 h6 18. Nxe4 Bxe4 19. Qe2 Bxc2 20. Qxc2 Na5 21. Rab1 b6 22. h3 Nc4 23. Rbc1 Rfe8 24. Bd2 c6 25. Rxe8+ Rxe8 26. Re1 Rxe1+ 27. Bxe1 Qe7 28. Kf1 Qe4 0-1

[Event "Bayern Jubilar U12"]
[Site "Bayreuth"]
[Date "2022.08.30"]
[Round "5"]
[White "Vasylenko, Nadiya"]
[Black "Bauer, Laura Sophie"]
[Result "1/2-1/2"]
[WhiteElo "1261"]
[BlackElo "1458"]
[PlyCount "99"]
[EventDate "2022.08.27"]
[EventType "swiss"]
[EventRounds "7"]
[EventCountry "GER"]
[SourceTitle "EXT 2023"]
[Source "ChessBase"]
[SourceDate "2022.10.05"]
[SourceVersion "1"]
[SourceVersionDate "2022.10.05"]
[SourceQuality "1"]

1. e4 c5 2. d4 cxd4 3. c3 dxc3 4. Nxc3 Nc6 5. Nf3 e6 6. Bc4 a6 7. 0-0 b5 8. Bb3 Bb7 9. Re1 Na5 10. Bc2 Ne7 11. Bf4 Ng6 12. Bg3 Be7 13. a4 b4 14. Ne2 Rc8 15. b3 d6 16. Rc1 0-0 17. Nf4 Nxf4 18. Bxf4 e5 19. Be3 Nc6 20. Nd2 d5 21. exd5 Qxd5 22. Be4 Qe6 23. Nc4 Na5 24. Bxb7 Nxb7 25. h3 Bf6 26. Bd2 Rfd8 27. Qf3 Nc5 28. Rb1 Nxb3 29. Rxb3 Qxc4 30. Rc1 Qe6 31. Rxc8 Rxc8 32. Rxb4 h6 33. Qg3 Qd6 34. Rb2 Qd4 35. Ra2 Qc4 36. Qa3 e4 37. Be3 Rb8 38. Kh2 Rb3 39. Qc1 Rc3 40. Qb1 Be5+ 41. g3 Qd3 42. Qe1 Qc4 43. Qd2 Qc7 44. Kg2 Rd3 45. Qe2 Qc4 46. Rd2 Qb3 47. Qg4 Rxd2 48. Bxd2 Qd3 49. Qc8+ Kh7 50. Qf5+ 1/2-1/2

[Event "GER-ch U12 Girls"]
[Site "Willingen"]
[Date "2022.06.06"]
[Round "3"]
[White "Bauer, Laura Sophie"]
[Black "Zhou, Leyi Charlotte"]
[Result "1-0"]
[WhiteElo "1428"]
[BlackElo "1315"]
[PlyCount "77"]
[EventDate "2022.06.04"]
[EventType "swiss"]
[EventRounds "9"]
[EventCountry "GER"]
[SourceTitle "CBM 208 Extra"]
[Source "ChessBase"]
[SourceDate "2022.07.31"]
[SourceVersion "1"]
[SourceVersionDate "2022.07.31"]
[SourceQuality "1"]

1. e4 e5 2. Nf3 Nc6 3. Bb5 a6 4. Ba4 Nge7 5. 0-0 g6 6. c3 b5 7. Bb3 Bg7 8. d4 exd4 9. cxd4 0-0 10. Bg5 h6 11. Bh4 d6 12. h3 g5 13. Bg3 Na5 14. Bc2 c5 15. Nc3 Ng6 16. a4 Qd7 17. Nd5 Qc6 18. b3 Be6 19. Qd2 Nb7 20. Ne3 Qd7 21. axb5 axb5 22. Rxa8 Rxa8 23. d5 Bxh3 24. gxh3 Qxh3 25. Nf5 Ne5 26. Nxe5 Bxe5 27. Bxe5 dxe5 28. Qe3 Qh5 29. Bd1 g4 30. Qxh6 Qxh6 31. Nxh6+ Kh7 32. Nxf7 Re8 33. Ng5+ Kh6 34. Ne6 Rg8 35. Kg2 Kh5 36. Rh1+ Kg6 37. Bxg4 Kf6 38. f3 Nd6 39. Nxc5 1-0

[Event "GER-chT Lands U20"]
[Site "Neumuenster"]
[Date "2021.10.04"]
[Round "5.1"]
[White "Bauer, Laura Sophie"]
[Black "Mueller, Cosima"]
[Result "1-0"]
[WhiteElo "1357"]
[BlackElo "1373"]
[PlyCount "53"]
[EventDate "2021.10.01"]
[EventType "team-swiss"]
[EventRounds "7"]
[EventCountry "GER"]
[SourceTitle "CBM 204 Extra"]
[Source "ChessBase"]
[SourceDate "2021.11.30"]
[SourceVersion "1"]
[SourceVersionDate "2021.11.30"]
[SourceQuality "1"]
[WhiteTeam "Bayern"]
[BlackTeam "Sachsen"]
[WhiteTeamCountry "GER"]
[BlackTeamCountry "GER"]

1. e4 c5 2. Nf3 d6 3. d4 cxd4 4. Nxd4 Nf6 5. Nc3 g6 6. Be3 Bg7 7. f3 0-0 8. Qd2 Nc6 9. Bc4 Ne5 10. Bb3 Bd7 11. 0-0-0 Rc8 12. h4 Nc4 13. Bxc4 Rxc4 14. Bh6 Nh5 15. Bxg7 Nxg7 16. h5 Qb6 17. Nd5 Qd8 18. hxg6 fxg6 19. Qh6 e6 20. Qxh7+ Kf7 21. Ne3 Qg5 22. f4 Qc5 23. Nxc4 Qxc4 24. Rh6 e5 25. Qxg6+ Kg8 26. Rdh1 Qxa2 27. Rh8# 1-0

[Event "GER-ch U12 Girls"]
[Site "Willingen"]
[Date "2021.08.28"]
[Round "8"]
[White "Richter, Johanna"]
[Black "Bauer, Laura Sophie"]
[Result "0-1"]
[WhiteElo "1155"]
[BlackElo "1309"]
[PlyCount "42"]
[EventDate "2021.08.22"]
[EventType "swiss"]
[EventRounds "9"]
[EventCountry "GER"]
[SourceTitle "EXT 2022"]
[Source "ChessBase"]
[SourceDate "2021.10.06"]
[SourceVersion "1"]
[SourceVersionDate "2021.10.06"]
[SourceQuality "1"]

1. d4 d5 2. c4 c6 3. Nc3 Nf6 4. cxd5 cxd5 5. Bg5 h6 6. Bh4 Nc6 7. e3 Bf5 8. a3 a6 9. Bxf6 exf6 10. Qb3 Na5 11. Qd1 Be7 12. g3 Be6 13. Bg2 Qd7 14. Nge2 g5 15. Rc1 Nc4 16. Qb3 b5 17. Qc2 Rb8 18. 0-0 h5 19. Rcd1 h4 20. Nc1 hxg3 21. fxg3 Nxe3 0-1

[Event "GER-ch U12 Girls"]
[Site "Willingen"]
[Date "2021.08.27"]
[Round "7"]
[White "Bauer, Laura Sophie"]
[Black "Hergenroeder, Cora"]
[Result "1/2-1/2"]
[WhiteElo "1309"]
[BlackElo "1463"]
[PlyCount "48"]
[EventDate "2021.08.22"]
[EventType "swiss"]
[EventRounds "9"]
[EventCountry "GER"]
[SourceTitle "EXT 2022"]
[Source "ChessBase"]
[SourceDate "2021.10.06"]
[SourceVersion "1"]
[SourceVersionDate "2021.10.06"]
[SourceQuality "1"]

1. e4 c6 2. d4 d5 3. Nc3 dxe4 4. Nxe4 Nf6 5. Nxf6+ exf6 6. Bc4 Bd6 7. Nf3 0-0 8. 0-0 Re8 9. c3 Qc7 10. h3 Nd7 11. Re1 Qd8 12. Rxe8+ Qxe8 13. Bd2 Nb6 14. Bb3 Be6 15. Qc2 Qd7 16. Re1 Bf5 17. Qc1 Re8 18. Nh4 Rxe1+ 19. Qxe1 Be6 20. Qc1 Bc7 21. Bxe6 Qxe6 22. Qe1 Qxe1+ 23. Bxe1 g6 24. b3 Kf8 1/2-1/2

[Event "GER-ch U12 Girls"]
[Site "Willingen"]
[Date "2021.08.26"]
[Round "6"]
[White "Neininger, Sarah"]
[Black "Bauer, Laura Sophie"]
[Result "1-0"]
[WhiteElo "1434"]
[BlackElo "1309"]
[PlyCount "79"]
[EventDate "2021.08.22"]
[EventType "swiss"]
[EventRounds "9"]
[EventCountry "GER"]
[SourceTitle "EXT 2022"]
[Source "ChessBase"]
[SourceDate "2021.10.06"]
[SourceVersion "1"]
[SourceVersionDate "2021.10.06"]
[SourceQuality "1"]

1. e4 c5 2. Nc3 Nc6 3. Bb5 g6 4. Bxc6 bxc6 5. d3 Bg7 6. f4 e6 7. Nf3 d5 8. 0-0 Ne7 9. Na4 Qa5 10. c4 Rb8 11. Rb1 0-0 12. b3 dxc4 13. dxc4 Rd8 14. Qe1 Qb4 15. a3 Qxe1 16. Rxe1 Ba6 17. Nd2 Bd4+ 18. Kh1 Nc8 19. Bb2 Nb6 20. Bxd4 Nxa4 21. Be3 Nc3 22. Rbc1 Rd3 23. Bxc5 Rxd2 24. Rxc3 Rb7 25. h3 Rbd7 26. Kh2 Kg7 27. b4 R2d3 28. Rec1 Rd2 29. R1c2 Rd1 30. Ra2 R1d3 31. Rxd3 Rxd3 32. Bxa7 Bxc4 33. Ra1 Rb3 34. Bc5 Rd3 35. a4 Ba6 36. Rc1 h5 37. Be7 Rd7 38. Bc5 Rd3 39. Rb1 Rc3 40. Bd4+ 1-0

[Event "GER-ch U12 Girls"]
[Site "Willingen"]
[Date "2021.08.24"]
[Round "3"]
[White "Bauer, Laura Sophie"]
[Black "Sickmann, Lisa"]
[Result "0-1"]
[WhiteElo "1309"]
[BlackElo "1462"]
[PlyCount "116"]
[EventDate "2021.08.22"]
[EventType "swiss"]
[EventRounds "9"]
[EventCountry "GER"]
[SourceTitle "EXT 2022"]
[Source "ChessBase"]
[SourceDate "2021.10.06"]
[SourceVersion "1"]
[SourceVersionDate "2021.10.06"]
[SourceQuality "1"]

1. e4 e5 2. Bc4 Nf6 3. d3 Bc5 4. Nf3 d6 5. h3 h6 6. c3 Nc6 7. 0-0 0-0 8. Nbd2 a6 9. a4 Ba7 10. Re1 Be6 11. Bxe6 fxe6 12. Nf1 Qd7 13. d4 exd4 14. cxd4 d5 15. Ne5 Nxe5 16. dxe5 Nh5 17. Be3 Nf4 18. Bxa7 Rxa7 19. exd5 Qxd5 20. Qxd5 Nxd5 21. Ne3 Nxe3 22. Rxe3 Rd8 23. Re2 Raa8 24. Rc1 c6 25. Rcc2 Rd4 26. b3 Rd3 27. Rb2 Rad8 28. b4 Ra3 29. a5 Rd4 30. Red2 Rd5 31. Re2 Kf7 32. g3 Kg6 33. Kg2 Kf5 34. f4 Rdd3 35. g4+ Kxf4 36. Rf2+ Kxe5 37. h4 Rg3+ 38. Kh2 Rxg4 39. Rbe2+ Re4 40. Rxe4+ Kxe4 41. Rg2 c5 42. Rxg7 cxb4 43. Rg4+ Kf5 44. Rxb4 Rxa5 45. Rxb7 e5 46. Rh7 Kg6 47. Re7 h5 48. Kg3 Ra3+ 49. Kg2 Kf5 50. Rg7 e4 51. Re7 Kf4 52. Kf2 Ra2+ 53. Ke1 Ke3 54. Kf1 Ra5 55. Kg2 Rf5 56. Kg3 Rf4 57. Ra7 Rg4+ 58. Kh3 Kf3 0-1

[Event "GER-ch op (Women) 20th"]
[Site "Erlangen"]
[Date "2020.10.03"]
[Round "4"]
[White "Von Herman, Brigitte"]
[Black "Bauer, Laura Sophie"]
[Result "1-0"]
[WhiteElo "2034"]
[BlackElo "1287"]
[PlyCount "55"]
[EventDate "2020.10.01"]
[EventType "swiss"]
[EventRounds "7"]
[EventCountry "GER"]
[SourceTitle "EXT 2022"]
[Source "ChessBase"]
[SourceDate "2021.10.06"]
[SourceVersion "1"]
[SourceVersionDate "2021.10.06"]
[SourceQuality "1"]

1. e4 c5 2. c3 d6 3. d4 cxd4 4. cxd4 g6 5. Nc3 Bg7 6. h3 e6 7. Nf3 Nc6 8. Be3 Nge7 9. Qd2 0-0 10. Be2 Re8 11. 0-0 a6 12. Rfe1 Bd7 13. Rac1 Rc8 14. Bh6 d5 15. Bxg7 Kxg7 16. Rcd1 Qc7 17. e5 Kg8 18. Bd3 Kh8 19. Qf4 f5 20. h4 Na5 21. g3 b5 22. Kg2 Rg8 23. Rh1 Nc4 24. Bxc4 bxc4 25. Ng5 Rcf8 26. h5 Rg7 27. Qh4 Bb5 28. Nxe6 1-0

[Event "GER-ch op (Women) 20th"]
[Site "Erlangen"]
[Date "2020.10.02"]
[Round "3"]
[White "Bauer, Laura Sophie"]
[Black "Albayrak, Aylin"]
[Result "1-0"]
[WhiteElo "1287"]
[BlackElo "1735"]
[PlyCount "117"]
[EventDate "2020.10.01"]
[EventType "swiss"]
[EventRounds "7"]
[EventCountry "GER"]
[SourceTitle "EXT 2022"]
[Source "ChessBase"]
[SourceDate "2021.10.06"]
[SourceVersion "1"]
[SourceVersionDate "2021.10.06"]
[SourceQuality "1"]

1. e4 c5 2. Nf3 Nc6 3. d4 cxd4 4. Nxd4 Nf6 5. Nc3 d6 6. Be3 a6 7. Nxc6 bxc6 8. f3 Qc7 9. Qd2 e6 10. Bf4 Nh5 11. 0-0-0 Nxf4 12. Qxf4 Be7 13. Bc4 0-0 14. g4 Qa5 15. h4 d5 16. Bb3 Bd7 17. Kb1 Qb4 18. h5 Bd6 19. Qd2 Be5 20. h6 g6 21. Nxd5 Qc5 22. f4 cxd5 23. fxe5 Qe7 24. exd5 exd5 25. Bxd5 Rad8 26. Qf4 Rfe8 27. Rdf1 Be6 28. Bxe6 Qxe6 29. Qf6 Qxf6 30. Rxf6 a5 31. Rhf1 Rd7 32. Ra6 Rd5 33. a3 Rdxe5 34. Ra7 Rf8 35. Rf6 Rg5 36. Rf4 Rc5 37. Ra4 Rfc8 38. c3 Rb8 39. Kc2 Rcb5 40. b3 Rxb3 41. R4xa5 Rb2+ 42. Kd3 Rh2 43. Ra8 Rh3+ 44. Ke4 Rf8 45. Rxf8+ Kxf8 46. g5 Rxc3 47. Ke5 Rf3 48. Ke4 Rh3 49. Ra8+ Ke7 50. Rh8 Rxa3 51. Rxh7 Ra4+ 52. Kf3 Ra8 53. Rg7 Rh8 54. Kf4 Ke6 55. h7 Ke7 56. Ke5 Ra8 57. Rg8 Ra5+ 58. Kd4 Rxg5 59. h8Q 1-0

[Event "EU Union-ch U10"]
[Site "Kouty nad Desnou"]
[Date "2020.08.17"]
[Round "4"]
[White "Bauer, Laura Sophie"]
[Black "Buchtova, Viktorie"]
[Result "0-1"]
[WhiteElo "1291"]
[BlackElo "1447"]
[PlyCount "90"]
[EventDate "2020.08.14"]
[EventType "swiss"]
[EventRounds "9"]
[EventCountry "CZE"]
[SourceTitle "EXT 2021"]
[Source "ChessBase"]
[SourceDate "2020.10.23"]
[SourceVersion "1"]
[SourceVersionDate "2020.10.23"]
[SourceQuality "1"]

1. e4 c5 2. Nf3 d6 3. d4 cxd4 4. Nxd4 Nf6 5. Nc3 g6 6. Be3 Bg7 7. f3 0-0 8. Qd2 Nc6 9. g4 Nd7 10. 0-0-0 Nde5 11. Be2 a5 12. h4 a4 13. a3 Bd7 14. h5 Rc8 15. Nxc6 Bxc6 16. Bh6 f6 17. Bxg7 Kxg7 18. hxg6 hxg6 19. Qh6+ Kf7 20. Qh7+ Ke8 21. f4 Nf7 22. Qxg6 Kd7 23. Bc4 Nh8 24. Qf5+ Kc7 25. Be6 Bd7 26. Nd5+ Kc6 27. Bxd7+ Qxd7 28. Qxd7+ Kxd7 29. Nb6+ Ke6 30. Nxc8 Rxc8 31. Rd5 Nf7 32. Ra5 Rc4 33. Re1 Nh6 34. Ra7 Nxg4 35. Rxb7 Nf2 36. Kd2 Nxe4+ 37. Kd3 d5 38. Rxe4+ Rxe4 39. Rb4 f5 40. Rxe4+ fxe4+ 41. Ke3 Kf5 42. b4 axb3 43. cxb3 d4+ 44. Kxd4 Kxf4 45. b4 e3 0-1